[Event "Moscow ol (Men)"]
[Site "Moscow"]
[Date "1994.12.15"]
[Round "14.3"]
[White "Benjamin, Joel"]
[Black "Popovic, Petar"]
[Result "1-0"]
[WhiteElo "2610"]
[BlackElo "2530"]
[Annotator "Stohl,I"]
[PlyCount "101"]
[EventDate "1994.12.01"]
[EventType "team-swiss"]
[EventRounds "14"]
[EventCountry "RUS"]
[SourceTitle "CBM 045"]
[Source "ChessBase"]
[SourceDate "1995.04.01"]
[SourceVersion "1"]
[SourceVersionDate "1995.04.01"]
[SourceQuality "1"]
[WhiteTeam "US of America"]
[BlackTeam "Serbia & Montenegro"]
[WhiteTeamCountry "USA"]
[BlackTeamCountry "YUG"]

1. d4 Nf6 2. Bg5 Ne4 3. Bf4 d5 4. f3 Nf6 5. e4 $5 e6 (5... dxe4 6. Nc3 Bf5 $5
7. fxe4 Nxe4 8. Qf3 Nxc3 9. bxc3 Qc8 10. Bc4 e6 11. Ne2 Be7 12. O-O O-O 13. Qg3
Nd7 14. Bxc7 Bxc2 15. Rac1 Bg6 16. Bb3 Bh4 17. Qxh4 Qxc7 18. Nf4 Rae8 19. Nxg6
fxg6 20. Rce1 Rxf1+ 21. Kxf1 Nf8 22. Re3 $44 {Bibby,S-Ryan,J/BCF-ch/1992/}) 6.
e5 Nfd7 7. Be3 c5 8. c3 (8. f4 Nc6 9. Nf3 Qb6 $132) 8... Nc6 9. f4 cxd4 (9...
Qb6 $5 10. Qd2 cxd4 11. cxd4 f6 (11... Bb4 $142 $5 12. Nc3 Qa5 {/\Nb6-c4<=>})
12. Nf3 Be7 13. Nc3 O-O 14. Be2 a6 15. O-O f5 16. Kh1 Qd8 17. Rg1 b5 18. g4 Nb6
19. b3 Qe8 20. Ne1 b4 21. Nd1 Ra7 22. Nd3 $36 {(),Turian,H-Beck,H/OST-BL 9293/
1993/}) 10. cxd4 Nb6 (10... Qa5+ 11. Kf2 Nb6 12. b3 Bd7 13. Nf3 Rc8 14. a3 Na8
15. Ra2 Ne7 16. Bd2 Qb6 17. Nc3 Nf5 18. b4 Qd8 19. g4 Nh4 20. Nxh4 Qxh4+ 21.
Kg2 Nb6 22. Be1 Qd8 23. Bd3 Nc4 24. Qf3 Be7 25. Rf1 $14 {Benjamin,
J-Malisauskas,V/Moscow olm/1994/}) 11. Nd2 a5 $5 12. a3 (12. Bd3 Nb4 13. Bb1
Nc4 $1 14. Nxc4 dxc4 $13) 12... a4 13. Bd3 Bd7 14. Ne2 Na5 15. O-O g6 (15...
Nac4 16. Nxc4 Nxc4 (16... dxc4 17. Be4 Bc6 18. Bxc6+ bxc6 19. f5 $36) 17. Bxc4
dxc4 18. Nc3 Bc6 19. f5 $16) 16. g4 Bc6 (16... Nac4 $142 $5 17. Nxc4 Nxc4 $132)
17. Ng3 Nbc4 18. Nxc4 Nxc4 (18... dxc4 19. Be4 $16) 19. Qe2 {()} b5 20. f5 $36
Be7 21. Rf3 Bh4 22. fxe6 (22. Raf1 $142 $5) 22... fxe6 23. Bh6 Qb6 24. Qf2
O-O-O 25. Rf1 (25. Bg7 $5 Rhg8 26. Bf6 Bxg3 27. Rxg3 $16) 25... Rd7 (25... b4
$142 $5 $132) 26. Kg2 Rhd8 27. Kh3 Bxg3 28. Kxg3 b4 29. Bf8 $1 b3 (29... bxa3
30. bxa3 {-><->b}) 30. Bc5 Qa5 31. Bb4 Qb6 32. Rf6 $16 Bb5 33. Bc5 Qa6 {/\Na3!}
34. Rc1 Kb7 35. Bf1 $1 Rc8 (35... Re8 {/\Na5} 36. g5 $1 Na5 37. Bh3 $16) 36. g5
Rc6 37. Bh3 Na5 38. Rc3 Bd3 39. Rf7 Rcc7 $8 40. Rxd7 Rxd7 41. Bb4 (41. Qf8 $5 {
/\Bd6->} Rc7 42. Bd6 Rxc3 43. Qb8+ Kc6 44. Qc7+ Kb5 45. Qxc3 {/\Qc5#,Be6})
41... Bf5 $8 42. Bxa5 Qxa5 (42... Bxh3 43. Kxh3 Qxa5 44. Qf8 $18) 43. Rc5 Qd8
44. Qd2 $40 Rc7 45. Bxf5 gxf5 46. Qb4+ Kc8 47. h4 Qe8 (47... Rxc5 48. Qxc5+ Kb7
(48... Kd7 49. Qd6+) 49. Qb5+ Kc7 50. Qxa4 $18) 48. Qa5 $1 Rxc5 (48... Rc6 49.
Qxa4 $18) 49. Qa8+ $1 Kd7 50. Qxe8+ Kxe8 51. dxc5 {/\c6,h5,g6} 1-0

[Event "USA-ch playoff"]
[Site "USA"]
[Date "1994.??.??"]
[Round "1"]
[White "Benjamin, Joel"]
[Black "Yermolinsky, Alex"]
[Result "1-0"]
[WhiteElo "2610"]
[BlackElo "2590"]
[PlyCount "33"]
[EventDate "1994.10.??"]
[EventType "tourn"]
[EventRounds "4"]
[EventCountry "USA"]
[EventCategory "14"]
[SourceTitle "CBM 044"]
[Source "ChessBase"]
[SourceDate "1995.02.01"]
[SourceVersion "1"]
[SourceVersionDate "1995.02.01"]
[SourceQuality "1"]

1. d4 Nf6 2. Bg5 e6 3. e4 h6 4. Bxf6 Qxf6 5. Nc3 g6 6. Qd2 d6 7. f4 Qe7 8. Nf3
Bg7 9. O-O-O a6 10. Bd3 Nd7 11. f5 e5 12. Nd5 Qd8 13. dxe5 Nxe5 14. Rhf1 c6 15.
Ne3 O-O 16. Nxe5 Bxe5 17. Ng4 1-0

[Event "George Marx Memorial 7th"]
[Site "Paks"]
[Date "2009.09.26"]
[Round "2"]
[White "Berkes, Ferenc"]
[Black "Acs, Peter"]
[Result "1-0"]
[WhiteElo "2663"]
[BlackElo "2550"]
[PlyCount "119"]
[EventDate "2009.09.25"]
[EventType "tourn"]
[EventRounds "10"]
[EventCountry "HUN"]
[EventCategory "16"]
[SourceTitle "CBM 133"]
[Source "ChessBase"]
[SourceDate "2009.11.19"]
[SourceVersion "1"]
[SourceVersionDate "2009.11.19"]
[SourceQuality "1"]

1. d4 Nf6 2. Bg5 e6 3. Nd2 h6 4. Bh4 c5 5. e3 cxd4 6. exd4 Be7 7. Ngf3 O-O 8.
Bd3 b6 9. O-O Bb7 10. Re1 Nc6 11. a3 Nh5 12. Bxe7 Nxe7 13. Rc1 Nf6 14. c4 d6
15. b4 a5 16. b5 Rc8 17. a4 Rc7 18. Nb3 Nd7 19. Bf1 Re8 20. Nfd2 Qc8 21. c5
dxc5 22. Nc4 Qb8 23. Nd6 Rf8 24. dxc5 Nxc5 25. Nxc5 Rxc5 26. Rxc5 bxc5 27. Nc4
Rd8 28. Qa1 Bd5 29. Nxa5 Qf4 30. Qc3 Qxa4 31. b6 Qd4 32. Qxd4 cxd4 33. Rc1 Kf8
34. b7 d3 35. Rb1 Rb8 36. Bxd3 Ke8 37. Ba6 Kd7 38. Rc1 Kd6 39. Nc4+ Bxc4 40.
Rxc4 Nc6 41. h4 g5 42. h5 f5 43. Kf1 e5 44. f3 Kd5 45. Kf2 Kd6 46. Ke3 Kd5 47.
g4 fxg4 48. fxg4 Kd6 49. Ke4 Rf8 50. Ke3 Rb8 51. Kd2 Kd5 52. Kd3 Kd6 53. Ke3
Kd5 54. Rc1 Nb4 55. Bf1 Kd6 56. Bg2 Nd5+ 57. Bxd5 Kxd5 58. Rb1 e4 59. Rb2 Ke5
60. Rb5+ 1-0

[Event "29th Czech Rapid G1 2018"]
[Site "Pardubice CZE"]
[Date "2018.07.19"]
[Round "8.1"]
[White "Bernadskiy, V."]
[Black "Movsesian, S."]
[Result "1-0"]
[WhiteElo "2586"]
[BlackElo "2635"]
[PlyCount "99"]
[EventDate "2018.07.18"]
[EventType "swiss (rapid)"]
[EventRounds "9"]
[EventCountry "CZE"]
[SourceTitle "The Week in Chess 1237"]
[Source "Mark Crowther"]
[SourceDate "2018.07.23"]
[SourceVersion "1"]
[SourceVersionDate "2018.07.23"]
[SourceQuality "2"]

1. d4 Nf6 2. Bg5 c5 3. d5 Ne4 4. Bf4 Qb6 5. Bc1 e5 6. f3 Nd6 7. e4 f5 8. Nc3
Be7 9. Nh3 fxe4 10. fxe4 O-O 11. Qh5 Na6 12. Be2 c4 13. Rf1 Nb4 14. Rxf8+ Bxf8
15. Bd1 Nf7 16. a3 Na6 17. d6 Qxd6 18. Be2 b5 19. Be3 Nc7 20. Nxb5 Qc6 21. Nxa7
Rxa7 22. Bxa7 d6 23. Qf3 Qb7 24. Bxc4 d5 25. exd5 Qxa7 26. d6 Ne6 27. O-O-O
Nxd6 28. Bb3 h6 29. Qc6 Qb8 30. Re1 Kh7 31. Qd5 Nf7 32. Rf1 Qc7 33. Qe4+ Kg8
34. Qg6 Qe7 35. a4 Nfd8 36. Qe4 Qc7 37. Qc4 Bc5 38. Kb1 Nf7 39. Nf2 Nd6 40. Qg4
Qf7 41. Qd1 Qg6 42. Nd3 Bd4 43. Nf4 exf4 44. Qxd4 Nf7 45. Qc3 Bb7 46. Re1 Nfd8
47. Qb4 Bxg2 48. Qe7 Kh7 49. Bxe6 f3 50. Qxd8 1-0

[Event "9th HD Bank Cup 2019"]
[Site "Ho Chi Minh City VIE"]
[Date "2019.03.11"]
[Round "7.1"]
[White "Bogdanovich, S."]
[Black "Mareco, S."]
[Result "1-0"]
[WhiteElo "2536"]
[BlackElo "2666"]
[PlyCount "67"]
[EventDate "2019.03.07"]
[EventType "swiss"]
[EventRounds "9"]
[EventCountry "VIE"]
[SourceTitle "The Week in Chess 1270"]
[Source "Mark Crowther"]
[SourceDate "2019.03.11"]
[SourceVersion "1"]
[SourceVersionDate "2019.03.11"]
[SourceQuality "2"]

1. d4 Nf6 2. Bg5 d5 3. e3 c6 4. Nf3 Bf5 5. Bxf6 exf6 6. c4 dxc4 7. Bxc4 Bd6 8.
Nc3 O-O 9. O-O Bg4 10. h3 Bh5 11. g4 Bg6 12. Nh4 Re8 13. Qf3 Nd7 14. Nf5 Nb6
15. Bb3 Qd7 16. h4 Bf8 17. h5 Bxf5 18. gxf5 h6 19. Kh1 c5 20. dxc5 Bxc5 21. Rg1
Re5 22. e4 Kh7 23. Rad1 Qc7 24. Rg4 Rg8 25. Ne2 a5 26. a4 Re7 27. Qg2 Rd7 28.
Rg1 Bf8 29. Nf4 Qe5 30. Rh4 Qe8 31. Rg4 Qe5 32. Bxf7 Rxf7 33. Ne6 Bd6 34. f4
1-0

[Event "PNWCC Online Blitz JP 9"]
[Site "chess.com INT"]
[Date "2020.05.09"]
[Round "11"]
[White "Bosiocic, Mari"]
[Black "Quesada Perez, Yu"]
[Result "1-0"]
[WhiteElo "2625"]
[BlackElo "2598"]
[PlyCount "87"]
[EventDate "2020.05.09"]
[EventType "swiss (blitz)"]
[EventRounds "11"]
[SourceTitle "The Week in Chess 1331"]
[Source "Mark Crowther"]
[SourceDate "2020.05.11"]
[SourceVersion "1"]
[SourceVersionDate "2020.05.11"]
[SourceQuality "2"]

1. d4 Nf6 2. Bg5 e6 3. e3 h6 4. Bh4 c5 5. Nd2 Be7 6. Bxf6 Bxf6 7. Ne4 cxd4 8.
Nxf6+ Qxf6 9. exd4 b6 10. Nf3 Bb7 11. Be2 O-O 12. O-O d6 13. c3 Nd7 14. Re1 a6
15. Nd2 Qg5 16. Bf1 Qd8 17. Nc4 Qc7 18. a4 Nf6 19. Qd2 Rfd8 20. Qf4 Bd5 21. Ne3
Bb7 22. Qg3 Rac8 23. f3 Re8 24. Kh1 Nh5 25. Qh4 Nf6 26. Bd3 Rcd8 27. Bc2 Bc8
28. Bd3 e5 29. Bc2 Be6 30. Rad1 b5 31. axb5 axb5 32. d5 Bd7 33. g4 Nh7 34.
Bxh7+ Kxh7 35. g5 Ra8 36. Rd2 Ra4 37. Qh5 Rf4 38. Rg2 Qc5 39. g6+ Kh8 40. gxf7
Rf8 41. Reg1 Qxe3 42. Qxh6+ gxh6 43. Rg8+ Kh7 44. R1g7# 1-0

[Event "CRO-ch"]
[Site "Opatija"]
[Date "2015.01.21"]
[Round "11"]
[White "Bosiocic, Marin"]
[Black "Cvitan, Ognjen"]
[Result "1-0"]
[WhiteElo "2553"]
[BlackElo "2526"]
[PlyCount "75"]
[EventDate "2015.01.11"]
[EventType "tourn"]
[EventRounds "11"]
[EventCountry "CRO"]
[EventCategory "13"]
[SourceTitle "CBM 165"]
[Source "ChessBase"]
[SourceDate "2015.03.11"]
[SourceVersion "1"]
[SourceVersionDate "2015.03.11"]
[SourceQuality "1"]

1. d4 Nf6 2. Bg5 d5 3. Bxf6 exf6 4. e3 c5 5. Nc3 Be6 6. Bb5+ Nc6 7. Nge2 a6 8.
Bxc6+ bxc6 9. O-O Bd6 10. dxc5 Bxc5 11. Nd4 Qd7 12. Na4 Ba7 13. c4 Bg4 14. f3
Bh5 15. c5 O-O 16. Rc1 Qc7 17. Rc3 Rfe8 18. Qe2 Qa5 19. b3 Rac8 20. Rfc1 Bg6
21. Qf2 Qc7 22. Nb6 Rcd8 23. b4 Qb7 24. Qf1 h6 25. Kh1 Bxb6 26. cxb6 Qxb6 27.
a3 Rxe3 28. Rxe3 Qxd4 29. Rec3 Kh7 30. Qxa6 Qd2 31. Rxc6 d4 32. Rg1 d3 33. Rc8
Rxc8 34. Qxc8 Qe2 35. Qc4 Qe3 36. Qc3 Qe2 37. Re1 Qf2 38. Rd1 1-0

[Event "Chess24 Banter Blitz Cup"]
[Site "chess24.com INT"]
[Date "2019.10.11"]
[Round "1.15"]
[White "Bruzon Batista, L."]
[Black "Bellahcene, B."]
[Result "1-0"]
[WhiteElo "2644"]
[BlackElo "2540"]
[PlyCount "47"]
[EventDate "2019.09.25"]
[EventType "k.o. (blitz)"]
[EventRounds "7"]
[SourceTitle "The Week in Chess 1301"]
[Source "Mark Crowther"]
[SourceDate "2019.10.14"]
[SourceVersion "2"]
[SourceVersionDate "2019.10.21"]
[SourceQuality "2"]

1. d4 Nf6 2. Bg5 e6 3. e4 h6 4. Bxf6 Qxf6 5. Qd2 d6 6. Nc3 c6 7. f4 d5 8. e5
Qd8 9. Nf3 g6 10. h4 h5 11. O-O-O a6 12. Kb1 c5 13. dxc5 Bxc5 14. Ng5 Nc6 15.
Be2 Bb4 16. a3 Ba5 17. Qd3 Bd7 18. g4 hxg4 19. Bxg4 Qe7 20. h5 Nxe5 21. Qd4 f6
22. Nxd5 exd5 23. fxe5 fxe5 24. Bxd7+ 1-0

[Event "Corus-B"]
[Site "Wijk aan Zee"]
[Date "2004.01.13"]
[Round "3"]
[White "Bruzon Batista, Lazaro"]
[Black "Nijboer, Friso"]
[Result "1-0"]
[WhiteElo "2603"]
[BlackElo "2586"]
[Annotator "Finkel,A"]
[PlyCount "53"]
[EventDate "2004.01.10"]
[EventType "tourn"]
[EventRounds "13"]
[EventCountry "NED"]
[EventCategory "13"]
[SourceTitle "CBM 099"]
[Source "ChessBase"]
[SourceDate "2004.03.30"]
[SourceVersion "1"]
[SourceVersionDate "2004.03.30"]
[SourceQuality "1"]

1. d4 Nf6 2. Bg5 c5 3. d5 Qb6 4. Nc3 $1 {White is forced to sacrifice a pawn
since all the other moves promise black very comfortable play. However after
accepting the pawn sacrifice black is doomed to defend till the end of the
game.} Qxb2 5. Bd2 Qb6 6. e4 e5 {This move is necessary, otherwise there
would've just played f4 followed by e5 with crushing consequances.} 7. f4 d6 8.
Nf3 Nbd7 (8... Nfd7 9. Be2 Be7 10. O-O O-O 11. f5 Qd8 12. g4 g5 13. h4 h6 14.
Kg2 $36 {Franke,H-Ott,F/Stuttgart 1985/GER}) (8... exf4 9. Bxf4 Be7 10. Rb1 Qa5
11. Bd2 O-O 12. Bc4 a6 13. O-O Qc7 14. a4 Re8 $13 {Karhanek,P-Michenka,J/
Ostrava 2002}) 9. fxe5 {Depriving black a chance to get the square e5 for his
pieces. On the other hand black gets the square d6 for his knight.} (9. a4 exf4
(9... Be7 10. a5 Qd8 11. f5 h6 12. Qc1 Nh7 13. h4 Nhf6 14. g3 Ng4 15. Bb5 O-O
$13 {Gurevich,V-Panov,V/Yalta 1995}) 10. a5 Qd8 11. Bxf4 Be7 12. Nd2 O-O 13.
Nc4 Ne8 $15 {Sahovic,D-Ribli,Z/Vrbas 1977}) (9. Bc4 a6 10. O-O Be7 11. a4 Qc7
12. Qe1 Nf8 13. Ng5 Ng6 14. f5 Nf8 15. Qe2 h6 16. Nf3 $44 {Buchal,S-Haensel,T/
Germany 2000}) (9. Rb1 Qd8 10. Be2 a6 11. a4 g6 12. O-O Bg7 13. Bd3 O-O 14.
fxe5 dxe5 15. Qc1 Ne8 16. Ne2 Nd6 $15 {Goguadze,M-Gaprindashvili,V/Tbilisi 2002
}) 9... dxe5 $6 ({In my opinion it was better to play} 9... Nxe5 $5 {trading a
pair of the knights and getting some space.} 10. Nxe5 dxe5 11. Rb1 Qd8 (11...
Qc7 12. Bb5+ Bd7 13. Bg5 a6 14. Bxd7+ Nxd7 $15) 12. Bc4 Be7 13. O-O O-O 14. Qf3
Ne8 $132) 10. Bc4 Be7 (10... a6 11. a4 Qd6 12. O-O g6 13. Qe1 Bg7 14. Qh4 h6
15. Kh1 Nh5 16. Rab1 O-O 17. a5 $14 {Cech,P-Mrva,M/Czechia 1997}) 11. Rb1 Qd8 (
{After} 11... Qd6 12. Nh4 $1 {[%cal Gh4f5] things look pretty dangerous for
black} (12. Nb5 $6 Qb8 13. d6 Bd8 (13... Bxd6 $2 14. Ba5 $1 Ke7 15. Ng5 $18)
14. Ng5 O-O 15. Qf3 Nb6 $17)) 12. Bg5 $1 {[%cal Gd5d6]} h6 $2 {The decisive
mistake. It's clear that black underestimated the consequences of white's 14th
move.} (12... Ng4 13. Bxe7 Qxe7 14. d6 Qf6 15. Qd2 O-O 16. O-O $16) (12... Qa5)
(12... Bd6 $5) 13. d6 $1 hxg5 14. Nxg5 $16 {[%csl Rf7] The point of white's
play. The black king is in grave danger.} O-O (14... Rf8 15. dxe7 Kxe7 (15...
Qxe7 16. Nb5 Kd8 17. Bxf7 $1 Rxf7 18. Nd6 Rf8 19. Nf5 Qe8 20. Qd6 $18) 16. Qe2
Nb6 17. Rd1 Bd7 18. O-O $40) 15. O-O $1 Nb6 (15... Qe8 16. dxe7 Qxe7 17. Qe1
$18 {[%csl Rg8][%cal Ge1h4,Gc3d5]}) 16. dxe7 Qxe7 17. Rxb6 $1 {[%csl Rg8][%cal
Gc3d5,Gd1h5]} axb6 18. Nd5 Nxd5 19. Qh5 Qxg5 (19... Nf6 20. Rxf6 $18) 20. Qxg5
Nf4 21. Qxe5 Be6 $1 (21... Ne6) 22. Rxf4 Bxc4 23. Qh5 Rxa2 24. Rh4 Ra1+ 25. Kf2
f5 $2 {Throwing up a game in the position in which white still had a lot of
work to do to get the whole point.} (25... f6 $142 26. Qh7+ Kf7 27. Rg4 Rg8 28.
e5 Rf1+ 29. Ke3 Be6 $16) 26. Qh7+ Kf7 27. exf5 1-0

[Event "Capablanca Memorial Elite 40th"]
[Site "Havana"]
[Date "2005.05.15"]
[Round "10"]
[White "Bruzon Batista, Lazaro"]
[Black "Jobava, Baadur"]
[Result "1-0"]
[WhiteElo "2669"]
[BlackElo "2637"]
[Annotator "Postny,E"]
[PlyCount "37"]
[EventDate "2005.05.06"]
[EventType "tourn"]
[EventRounds "14"]
[EventCountry "CUB"]
[EventCategory "15"]
[SourceTitle "CBM 107"]
[Source "ChessBase"]
[SourceDate "2005.08.01"]
[SourceVersion "1"]
[SourceVersionDate "2005.08.01"]
[SourceQuality "1"]

1. d4 Nf6 2. Bg5 Ne4 3. Bf4 d5 4. e3 c5 5. Bd3 ({Solid, but a bit passive is:} 
5. c3 Nc6 6. Bd3 Nf6 7. Nd2 g6 8. Ngf3 Bg7 9. h3 O-O 10. O-O {0-1 Anastasian,
A-Ghaem Maghami,E/Stepanakert 2004/CBM 100 [Finkel] (44)}) 5... Nc6 $6 {
A crushing defeat against Ivanchuk few rounds before didn't discourage Jobava
to repeat this risky line.} ({Rare and awkward is:} 5... Nd6 {1-0 Stefanova,
A-Juswanto,D/Jakarta 2004/CBM 100 [Finkel] (43)}) (5... Qb6 6. Bxe4 dxe4 (6...
Qxb2 $2 7. Bxd5 Qxa1 8. Nf3 e6 9. Bb3 cxd4 10. O-O Nc6 11. exd4 Be7 12. Bd2 Bb4
13. c3 Be7 14. c4 Bb4 15. Bxb4 Nxb4 16. Qd2 $18 {[%csl Ra1] 1-0 Stefanova,
A-Grobelsek,A/Rabac 2003/CBM 96 ext (22)}) 7. Nc3 Qxb2 8. Nge2 Bg4 9. Nxe4 Bxe2
10. Kxe2 cxd4 11. Qd3 f5 12. Ng5 Nc6 13. Ne6 Rc8 14. Rhb1 Qc3 15. Qxc3 dxc3 16.
Rxb7 $18 {1-0 Adams,M-Xie Jun/Hastings 1996/CBM 57 (22)}) ({A reliable
alternative for Black is:} 5... Nf6 {1-0 McShane,L-Sutovsky,E/Pamplona 2003/
CBM 99 [Finkel] (33)}) (5... cxd4 6. Bxe4 dxe4 7. exd4 Qb6 {- 0-1 Stefanova,
A-Mamedyarov,S/Wijk aan Zee 2005/CBM 106 [Postny,E]}) 6. Bxe4 dxe4 7. Ne2 {
Bruzon chooses a more solid continuation, probably suspecting an improvement
in the principled 7.d5 line.} (7. d5 {- see the above-mentioned game Ivanchuk,
V-Jobava,B/Havana 2005/CBM 107 (1-0,25) [Postny,E]}) 7... cxd4 8. exd4 Bg4 9.
h3 $146 (9. Nbc3 e6 10. h3 Bh5 11. Nxe4 Bxe2 12. Qxe2 Nxd4 13. Qd3 Nc6 14.
O-O-O Qxd3 15. Rxd3 $36 {1-0 Hodgson,J-Wells,P/Oxford 1998/CBM 69 [Wells] (30)}
) 9... Bxe2 {Black is consequent, though 9...Bh5 looks safer.} 10. Qxe2 Qxd4 (
10... Nxd4 11. Qxe4 Qb6 12. Nc3 (12. O-O e6 13. Be3 O-O-O $11 {[%cal Gb6c6]} (
13... Bc5 $2 14. Nc3 {[%cal Gc3a4]})) (12. Nd2 e6 13. Be5 Nc6 14. Nc4 Qa6 {
and white does not achieve much.}) 12... Qxb2 13. Qxd4 Qxa1+ 14. Ke2 Qxh1 (
14... Qb2 $4 15. Qa4+ b5 16. Nxb5 $18) 15. Qa4+ Kd8 16. Qa5+ Kd7 17. Qb5+ Kd8 {
and White does not have more than a perpetual check.}) 11. Nc3 e5 (11... f5 $2
12. Nb5 Qxb2 13. Nc7+ Kf7 14. Qc4+ Kg6 15. O-O $18) 12. Be3 Qb4 $2 {A grave
mistake. This move allows White to castle queenside, while the black queen
will get under attack soon by Nd5.} ({A normal continuation was} 12... Qd7 13.
Rd1 Qe6 14. Nxe4 Be7 {and Black completes the development.}) 13. O-O-O Be7 (
13... f5 14. Nd5 Qa5 15. Qh5+ g6 16. Qh4 Be7 17. Nxe7 Nxe7 18. Qf6 Rf8 19. Qe6
Qc7 20. Bg5 {[%cal Gd1d2,Gh1d1] with decisive attack.}) 14. Qg4 Kf8 {Sad
necessity.} (14... O-O 15. Bh6 g6 16. Bxf8 Rxf8 17. Qxe4 $18) 15. Nd5 Qa5 16.
Nxe7 Nxe7 17. Qd7 Rc8 $2 {This loses straight away, but Black's position is
beyond saving anyway.} ({A bit more stubborn was} 17... Re8 18. Kb1 $18) {
[%tqu "En","Find the decisive move.","","","e3c5","Exploiting the weakness of
the 8th rank.",5]} 18. Bc5 $1 {Exploiting the weakness of the 8th rank.} Re8
19. Rd5 (19. Rd5 Qxa2 20. Qxe7+ Rxe7 21. Rd8#) 1-0

[Event "Chess24 Banter Blitz Cup"]
[Site "chess24.com INT"]
[Date "2020.04.02"]
[Round "5.4"]
[White "Carlsen, M."]
[Black "Grandelius, N."]
[Result "1-0"]
[WhiteElo "2876"]
[BlackElo "2691"]
[PlyCount "85"]
[EventDate "2019.09.25"]
[EventType "k.o. (blitz)"]
[EventRounds "7"]
[SourceTitle "The Week in Chess 1326"]
[Source "Mark Crowther"]
[SourceDate "2020.04.06"]
[SourceVersion "2"]
[SourceVersionDate "2020.04.11"]
[SourceQuality "2"]

1. d4 Nf6 2. Bg5 d5 3. e3 Ne4 4. Bf4 Bf5 5. f3 Nd6 6. g4 Bg6 7. h4 h5 8. g5 c6
9. Bd3 Bxd3 10. Qxd3 Qb6 11. Bxd6 exd6 12. Nc3 g6 13. O-O-O Qa6 14. Qd2 Nd7 15.
e4 dxe4 16. fxe4 Bg7 17. Qf4 O-O 18. Nf3 Rad8 19. Kb1 Nb6 20. e5 Nc4 21. Ne4
dxe5 22. dxe5 Qb5 23. b3 Nxe5 24. Nf6+ Bxf6 25. gxf6 Ng4 26. Rhe1 Qc5 27. Rxd8
Rxd8 28. Ng5 Qc3 29. Rf1 Nxf6 30. Nxf7 Rd2 31. Qb8+ Kxf7 32. Qxb7+ Kg8 33. Qb8+
Kg7 34. Qxa7+ Nd7 35. Rc1 Qd4 36. Qc7 Rd1 37. Qxc6 Rxc1+ 38. Kxc1 Ne5 39. Qc7+
Kf6 40. a4 Qxh4 41. Qd8+ Kf5 42. Qxh4 g5 43. Qxh5 1-0

[Event "Wch Blitz"]
[Site "Doha"]
[Date "2016.12.29"]
[Round "10"]
[White "Carlsen, Magnus"]
[Black "Morozevich, Alexander"]
[Result "1-0"]
[WhiteElo "2840"]
[BlackElo "2676"]
[PlyCount "117"]
[EventDate "2016.12.29"]
[EventType "swiss (blitz)"]
[EventRounds "21"]
[EventCountry "QAT"]
[SourceTitle "CBM 176 Extra"]
[Source "ChessBase"]
[SourceDate "2017.03.02"]
[SourceVersion "1"]
[SourceVersionDate "2017.03.02"]
[SourceQuality "1"]

1. d4 Nf6 2. Bg5 d5 3. e3 c5 4. c3 Qb6 5. Qc2 Nc6 6. Nd2 Bg4 7. Be2 Bxe2 8.
Nxe2 e6 9. O-O Be7 10. Nf4 O-O 11. Nd3 cxd4 12. exd4 Qc7 13. Qd1 Bd6 14. Bxf6
gxf6 15. Qh5 Kh8 16. f4 Rg8 17. Rae1 f5 18. Ne5 Rg7 19. Ndf3 Rag8 20. Re2 Nd8
21. Kh1 f6 22. Nd3 Bxf4 23. Nc5 Qd6 24. Rfe1 e5 25. Qxf5 e4 26. Nxe4 dxe4 27.
Rxe4 Bh6 28. g3 Qd7 29. Qxf6 Qf7 30. Qxf7 Rxf7 31. Ne5 Rf2 32. R4e2 Rxe2 33.
Rxe2 Kg7 34. Kg2 Re8 35. Kf3 Re6 36. Nd3 Rf6+ 37. Kg2 Kf8 38. Nc5 Kf7 39. Nd7
Re6 40. Ne5+ Ke8 41. Kf3 Bg7 42. Nd3 Kf7 43. Rxe6 Kxe6 44. Ke4 b6 45. Nf4+ Kd6
46. g4 b5 47. g5 a5 48. h4 Ne6 49. Nxe6 Kxe6 50. b3 Bf8 51. c4 bxc4 52. bxc4
Bd6 53. c5 Bg3 54. h5 Bf2 55. d5+ Kd7 56. g6 hxg6 57. hxg6 Ke7 58. d6+ Kf6 59.
d7 1-0